Marshallov plán a jeho dopady na politické a hospodárske usporiadanie Európy bakalárska práca

Gespeichert in:
Bibliographische Detailangaben
1. Verfasser: Javorská, Nikola
Körperschaft: Fakulta medzinárodných vzťahov EU. Katedra medzinárodných politických vzťahov
Weitere Verfasser: Kucharčík, Rudolf, 1977-
Format: Buch
Sprache:Slowakisch
Veröffentlicht: Bratislava 2015
Tags: Tag hinzufügen
Keine Tags, Fügen Sie das erste Tag hinzu!

MARC

LEADER 00000nbm a2200000 4500
001 0202623
005 20161212100147.3
041 0 |a slo 
044 |a SK 
245 1 0 |a Marshallov plán a jeho dopady na politické a hospodárske usporiadanie Európy  |b bakalárska práca  |c Nikola Javorská ; školiteľ: Rudolf Kucharčík 
264 1 |a Bratislava  |c 2015 
300 |a 53 s. 
100 1 |a Javorská, Nikola 
700 1 |a Kucharčík, Rudolf, 1977- 
710 2 |a Fakulta medzinárodných vzťahov EU. Katedra medzinárodných politických vzťahov